Eero Saarinen /

Guardado en:
Detalles Bibliográficos
Autor principal: Saarinen, Eero (autor)
Otros autores: Temko, Allan (texto) (texto)
Formato: Libro
Idioma:Español
Publicado: México : Hermes, 1962, c1962
Colección:(Creadores de la Arquitectura Contemporánea)
Temas:
Etiquetas: Agrega una etiqueta
Sin etiquetas, Sé el primero en etiquetar este registro!

MARC

LEADER 00000nam^a2200000^a^4500
001 000189536
005 20250521000000.0
009 20260310102418.646
037 |a Acervo ITESO - Biblioteca 
041 |a ESP 
082 |a 720. 973  |b SAA TEM 
100 |a Saarinen, Eero  |e (autor) 
245 1 0 |a Eero Saarinen /  |c E. Saarinen ; texto de A. Temko ; tr. por Antonio Tomás. 
264 4 |a México :  |b Hermes,  |c 1962, c1962 
300 |a 128 p. 
336 |a texto  |b txt  |2 rdacontenido 
337 |a sin mediación  |b n  |2 rdamedio 
338 |a volumen  |b nc  |2 rdasoporte 
440 1 |a (Creadores de la Arquitectura Contemporánea) 
649 |a XX 
650 |a Arquitectos Norteamericanos 
650 |a Artistas Norteamericanos 
650 |a Arquitectura Moderna -  |x Historia y Crítica 
650 |a Arquitectura Norteamericana -  |x Historia y Crítica 
650 |a Arte Moderno -  |x Historia y Crítica 
650 |a Arte Norteamericano -  |x Historia y Crítica 
650 |a Saarinen, Eero -  |x Tema Principal 
700 |a Temko, Allan  |e (texto) 
910 |a Fondo Julio de la Peña Lomelín 
920 |a Impresos - Libros 
930 |a Arquitectos Jaliscienses 
905 |a 115 
901 |a 0500132738  |b IT1  |c JAL  |u 20250521 
902 |a https://opac.biblio.iteso.mx/vufind/Record/000189536